World Territories with a Map - Statistics

General Stats
  • This quiz has been taken 188 times
  • The average score is 47 of 99
Answers on the Map
Answers color-coded by a green-red scale on the quiz's map according to % correct below.
 
Answer Stats
Answer % Correct
Greenland
93%
Isle of Man
89%
Hong Kong
88%
The Faroe Islands
88%
Gibraltar
86%
Macau
86%
Svalbard
85%
Bermuda
84%
British Virgin Islands
84%
Jersey
84%
Bailiwick of Guernsey
83%
Puerto Rico
83%
Aruba
81%
Guam
81%
U.S. Virgin Islands
79%
French Guiana
78%
French Polynesia
76%
The Falkland Islands
76%
Christmas Island
75%
American Samoa
74%
Curaçao
74%
Réunion
74%
Western Sahara
74%
Åland Islands
70%
Martinique
70%
Saint Helena
70%
The Cayman Islands
70%
Guadeloupe
69%
New Caledonia
68%
Saint Martin
68%
The Azores
68%
The Cook Islands
68%
The Canary Islands
66%
The Northern Mariana Islands
65%
West Bank
64%
Montserrat
63%
The Turks and Caicos Islands
63%
Mayotte
61%
Pitcairn Islands
61%
Anguilla
60%
Norfolk Island
60%
Saint Pierre and Miquelon
60%
Madeira
59%
Bonaire
58%
Niue
58%
Sint Maarten
58%
The Cocos (Keeling) Islands
58%
Tristan da Cunha
58%
The British Indian Ocean Territory
55%
Akrotiri
53%
Ceuta
51%
Melilla
50%
Tokelau
49%
Jan Mayen
46%
Dhekelia
44%
Saba
44%
Ascension Island
43%
Wallis and Futuna
43%
Sint Eustatius
41%
Bouvet Island
39%
Saint Barthélemy
35%
Clipperton Island
33%
The South Sandwich Islands
29%
Wake Island
29%
Baker Island
28%
British Antarctic Territory
26%
Howland Island
26%
Jarvis Island
25%
Johnston Atoll
25%
Kingman Reef
25%
Midway Islands
25%
Palmyra Atoll
25%
South Georgia Island
24%
Heard Island
23%
McDonald Islands
23%
Ashmore and Cartier Islands
21%
Spratly Islands
20%
Coral Sea Islands
19%
Australian Antarctic Territory
18%
Paracel Islands
18%
Chilean Antarctic Territory
16%
Peter I Island
14%
Queen Maud Land
14%
Ross Dependency
14%
Serranilla Bank
14%
Amsterdam Island
13%
Bassas da India
13%
Kerguelen Islands
13%
Bajo Nuevo Bank
11%
Glorioso Islands
11%
Tromelin Island
11%
Crozet Islands
10%
Marie Byrd Land
10%
Saint Paul Island
10%
Argentinian Antarctica
9%
Europe Island
9%
Adélie Land
8%
Juan de Nova Island
8%
Banc du Geyser
5%
No matching quizzes found
Score Distribution
Percent of People with Each Score
Percentile by Number Answered
Your Score History
You have not taken this quiz